Les plus grandes métropoles bordant la Méditerranée - Statistiques

Statistiques générales
  • Ce quiz a été pris 57 fois
  • Le résultat moyen est 12 sur 18
Statistiques - réponses
Habitants Réponse % Correct
1 920 000 Marseille
100%
4 510 000 Alger
98%
5 480 000 Barcelone
94%
2 670 000 Tunis
91%
4 410 000 Naples
89%
4 020 000 Athènes
87%
6 240 000 Alexandrie
74%
2 520 000 Valence
74%
1 870 000 Tripoli
64%
1 570 000 Oran
62%
4 160 000 Tel Aviv
58%
1 250 000 Palerme
57%
2 660 000 Beyrouth
55%
1 300 000 Malaga
47%
1 200 000 Tanger
42%
4 490 000 Izmir
32%
1 520 000 Antalya
25%
1 510 000 Benghazi
17%
Aucun quiz correspondant
Distribution des résultats
% des personnes avec chaque résultat
Percentile par nombre de réponses
Votre historique - résultats
Vous n’avez pas pris ce quiz